000 00534nam a22001697a 4500
001 117462
003 ES-SlBCS
005 20210327224133.0
008 160128b xxu||||| |||| 00| 0 spa d
040 _aES-SlBCS
_bspa
100 1 _aBanzes y Valdes, Antonio Juan
_9104845
245 1 0 _aNoticias históricas del concejo de Pravia
_cescritas por D.Antonio Juan de Banzes y Valdés
260 _aMadrid :
_bEstablecimiento Tipográfico de Fortanet
_c, 1911
300 _a213 p. ;
_c23 cm
650 4 _aHistoria
_92130
942 _2lcc
_cBK
999 _c466106
_d466106